[Event "2008 WA Championship"]
[Site "Legacy House"]
[Date "2008.07.06"]
[Round "1"]
[White "Jahangirian, Mohammad"]
[Black "Boyd, Tristan"]
[Result "0-1"]
[WhiteElo "1673"]
[BlackElo "2276"]

1.d4 Nf6 2.c4 g6 3.Nc3 Bg7 4.e4 d6 5.f3 O-O 6.Be3 c5 7.d5 e6 8.Qd2 exd5 
9.cxd5 a6 10.Bh6 Nxe4 11.Qf4 Bxh6 12.Qxh6 Nxc3 13.bxc3 Re8+ 14.Ne2 Nd7 
15.h4 Qf6 16.Qd2 Ne5 17.O-O-O Nc4 18.Qg5 Qg7 19.g4 Rxe2 20.Qd8+ Qf8 
21.Qxf8+ Kxf8 22.Bxe2 Ne5 23.Rhg1 b5 24.f4 Nd7 25.h5 Bb7 26.hxg6 hxg6 
27.g5 Re8 28.Rge1 Nb6 29.c4 bxc4 30.Bf3 Rxe1 31.Rxe1 Bxd5 32.Bxd5 Nxd5 
33.Rd1 Nc3 34.Rxd6 Nxa2+ 35.Kb2 Nb4 36.Kc3 Nd3 37.Rxa6 Nxf4 38.Ra2 Ne6 
39.Rg2 Ke7 40.Kxc4 Kd6 41.Rd2+ Ke5 42.Re2+ Kf5 43.Rf2+ Nf4 44.Kxc5 Kxg5 
45.Kd4 f5 46.Ke3 Ne6 47.Kf3 Kf6 48.Kg3 g5 49.Rd2 Nc5 50.Rd6+ Kf7 51.Rc6 
Ne4+ 52.Kf3 Nf6 53.Kg3 Ng8 54.Ra6 Ne7 55.Ra7 Ke6 56.Kf3 Nc6 57.Rh7 Ne5+ 
58.Kg3 f4+ 59.Kg2 Kf5 60.Rh8 g4 61.Rh5+ Kf6 62.Kf2 Nf7 63.Ra5 Ng5 64.Ra6+ 
Kf5 65.Ra5+ Kg6 66.Ra8 g3+ 67.Kg2 Kh5 68.Ra3 Kh4 69.Ra4 Kg4 70.Rb4 Nf3 
71.Ra4 Nh4+ 72.Kg1 Nf5 73.Rb4 Ne3 74.Ra4 Kf3 75.Rb4 Nc2 76.Rc4 Ne1 77.Ra4 
Ke3 78.Ra3+ Ke2 79.Ra2+ Kf3 80.Ra3+ Kg4 81.Ra4 Nd3 82.Kg2 Ne1+ 83.Kg1 Nc2 
84.Kg2 Ne3+ 85.Kg1 Kf3 86.Rb4 g2 87.Rd4 Kg3 88.Re4 Kg4 89.Ra4 Kf5 90.Ra5+ 
Kg4 91.Ra4 Kg3 92.Re4 Nc2 93.Rxf4 Ne1 0-1

[Event "2008 WA Championship"]
[Site "Legacy House"]
[Date "2008.07.06"]
[Round "1"]
[White "Kurniawan, Stephanus"]
[Black "Orssengo, Girma"]
[Result "1-0"]
[WhiteElo "2145"]
[BlackElo "1600"]

1.d4 g6 2.c4 Bg7 3.g3 Nf6 4.Bg2 d6 5.Nf3 O-O 6.O-O Nc6 7.Nc3 Ng4 8.h3 Nh6 
9.d5 Na5 10.Qd3 b6 11.b4 Nb7 12.Bb2 e5 13.dxe6 fxe6 14.Nd4 e5 15.Nc6 Qd7 
16.Nd5 Re8 17.Nc3 Nf5 18.e3 Ne7 19.Nxe7+ Qxe7 20.Bc6 Rf8 21.Qd5+ Be6 22.Qg2 
Bxc4 23.Bd5+ Bxd5 24.Qxd5+ Qf7 25.Qxb7 Qd7 26.Kg2 Rfb8 27.Qd5+ Kh8 28.b5 Rf8 
29.Ne4 Rae8 30.Rac1 Re7 31.a4 Qf5 32.f3 h6 33.g4 Qd7 34.Rf2 Ref7 35.h4 Qe7 
36.Rh1 Qd7 37.h5 g5 38.Ng3 Qxg4 39.Qxf7 Qxg3+ 40.Kxg3 Rxf7 41.e4 Kg8 42.Rc1 
Bf6 43.a5 Kf8 44.axb6 axb6 45.Ra1 Bd8 46.Ra8 Ke8 47.Bc3 Rd7 48.Rfa2 Ke7 
49.Kg4 Ke8 50.Kf5 1-0

[Event "2008 WA Championship"]
[Site "Legacy House"]
[Date "2008.07.04"]
[Round "1"]
[White "Sam, Ryan"]
[Black "Barber, Haydn"]
[Result "0-1"]
[WhiteElo "1595"]
[BlackElo "2086"]

1.e4 c5 2.Nf3 Nc6 3.Bb5 g6 4.Nc3 Bg7 5.d3 Nd4 6.Bc4 e6 7.Be3 Ne7 8.Bg5 a6 
9.a4 d6 10.Bxe7 Qxe7 11.Nxd4 cxd4 12.Ne2 O-O 13.O-O Bd7 14.Qd2 Rfe8 15.Rfe1 
h5 16.Qb4 Bc6 17.a5 Rad8 18.h3 d5 19.Qxe7 Rxe7 20.exd5 Bxd5 21.Bxd5 Rxd5 
22.Red1 Rc7 23.Rdc1 Rdc5 24.Kf1 Rxc2 25.b4 e5 26.f3 Kf8 27.Rxc2 Rxc2 28.Rc1 
Rxc1+ 29.Nxc1 Ke7 30.Ke2 Kd6 31.Kd1 Kc6 32.Kc2 Kb5 33.Kb3 Bf8 34.Na2 h4 
35.Ka3 Bd6 36.Kb3 f5 37.Ka3 e4 38.fxe4 fxe4 39.dxe4 Kc4 40.Kb2 Bxb4 41.Nxb4 
Kxb4 42.Kc2 Kxa5 43.Kd3 Kb5 44.Kxd4 Kc6 45.Kc4 b5+ 46.Kb4 Kd6 47.Ka5 Ke5 
48.Kb4 Kxe4 49.Kb3 0-1

[Event "2008 WA Championship"]
[Site "Legacy House"]
[Date "2008.07.01"]
[Round "1"]
[White "Choong, Yita"]
[Black "Cuellar, Chris"]
[Result "1-0"]
[WhiteElo "1969"]
[BlackElo "1556"]

1.e4 c6 2.d4 d5 3.Nc3 dxe4 4.Nxe4 Bf5 5.Ng3 Bg6 6.h4 h6 7.Nf3 Nd7 8.h5 Bh7 
9.Bd3 Bxd3 10.Qxd3 Qc7 11.Be3 Ngf6 12.O-O-O Ng4 13.Rhe1 e6 14.Qd2 Nxe3 
15.Qxe3 Bd6 16.Ne5 Nf6 17.Kb1 O-O-O 18.Qf3 Rhf8 19.Ne4 Nxe4 20.Qxe4 Be7 
21.Nxf7 Bb4 22.Nxd8 Bxe1 23.Nxe6 Qe7 24.Rxe1 Rxf2 25.Qg4 Qd7 26.a3 Rf7 27.Re4 
b6 28.Qe2 Kb7 29.g4 Qd5 30.c4 Qd6 31.Re5 Rf6 32.Qe4 Rf7 33.d5 Ka6 34.Qe2 c5 
35.Rf5 Re7 36.Qc2 Qd7 37.Qb3 Rxe6 38.dxe6 Qxe6 39.Rxc5 Qxg4 40.Qb5+ Kb7 41.Qc6+ 
Ka6 42.Ra5+ 1-0

[Event "2008 WA Championship"]
[Site "Legacy House"]
[Date "2008.07.06"]
[Round "1"]
[White "Pavlovic, Mick"]
[Black "Hare, Tim"]
[Result "0-1"]
[WhiteElo "1518"]
[BlackElo "1968"]

1.d4 g6 2.c4 Bg7 3.Nc3 c6 4.e4 Na6 5.Nf3 d6 6.Be2 Nc7 7.Bf4 Bg4 8.h3 Bxf3 
9.Bxf3 e5 10.Be3 Qe7 11.d5 Nf6 12.Qb3 O-O 13.O-O c5 14.g3 Rfb8 15.Qc2 b5 
16.cxb5 Nxb5 17.Nxb5 Rxb5 18.b3 Rab8 19.Bg5 h6 20.Bxf6 Qxf6 21.Be2 Rb4 
22.Bc4 h5 23.Rad1 Bh6 24.Qe2 Kg7 25.Rd3 Rh8 26.a3 Rb6 27.Rb1 Rhb8 28.Kg2 
Qe7 29.Qe1 f5 30.f3 f4 31.g4 hxg4 32.hxg4 Bg5 33.Rdd1 Rh8 34.Qe2 Rbb8 
35.Rh1 Rxh1 36.Rxh1 Bh4 37.Kf1 Rh8 38.Qg2 Qd8 39.Qb2 Qa5 40.b4 Qb6 41.Rh2 
cxb4 42.axb4 Qe3 43.Qe2 Qc3 44.b5 g5 45.Bd3 Rc8 46.Qd2 Qa1+ 47.Kg2 Rc1 
48.Kh3 Bg3 49.Qb4 Rh1 0-1

[Event "2008 WA Championship"]
[Site "Legacy House"]
[Date "2008.07.06"]
[Round "1"]
[White "Ellis, David"]
[Black "Boni, Christopher"]
[Result "1-0"]
[WhiteElo "1939"]
[BlackElo "1391"]

1.Nf3 d5 2.b3 c5 3.e3 Nc6 4.Bb5 f6 5.Nc3 Bg4 6.h3 Bh5 7.Bxc6+ bxc6 8.Qe2 e5 
9.e4 d4 10.Na4 Bd6 11.Ba3 Qa5 12.c4 Ne7 13.g4 Bf7 14.Kd1 Ng6 15.d3 Nf4 16.Qd2 
Qxd2+ 17.Kxd2 Ne6 18.Nh4 g6 19.Ng2 Kd7 20.Ke2 h5 21.Raf1 Rh7 22.f3 Rah8 23.h4 
g5 24.hxg5 fxg5 25.gxh5 Bxh5 26.Rhg1 Rf7 27.Bc1 Rhf8 28.Ne1 g4 29.Rh1 gxf3+ 
30.Kf2 Rh8 31.Rh3 Rfh7 32.Rfh1 Bg6 33.Rxh7+ Rxh7 34.Rxh7+ Bxh7 35.Nxf3 Nc7 
36.Kg3 Bg6 37.Nxc5+ Ke7 38.Bg5+ Kf7 39.Nb7 Ke6 40.c5 Be7 41.Bxe7 Kxe7 42.Nxe5 
Be8 43.Na5 Na6 44.Naxc6+ Bxc6 45.Nxc6+ Kd7 46.Nxa7 Nxc5 47.Nb5 Nxd3 48.Nxd4 
Kd6 49.Kf3 Ke5 50.Ke3 Nc1 51.a3 Na2 52.Kd3 1-0

[Event "2008 WA Championship"]
[Site "Legacy House"]
[Date "2008.07.06"]
[Round "1"]
[White "Yeung, Evan"]
[Black "Vlietstra, Marc"]
[Result "0-1"]
[WhiteElo "1222"]
[BlackElo "1922"]

1.e4 c5 2.Nf3 d6 3.d4 cxd4 4.Nxd4 Nf6 5.Nc3 a6 6.Bc4 e6 7.Bb3 Nbd7 8.Bg5 Nc5 
9.O-O Be7 10.f3 Qa5 11.a4 Nxb3 12.Nxb3 Qxg5 13.f4 Qh6 14.Qf3 Qh5 15.Qd3 Bd7 
16.Rae1 Rd8 17.e5 dxe5 18.Rxe5 Qg6 19.Qxg6 hxg6 20.Ree1 Bc6 21.h3 Bd6 22.Nd4 
Bc5 0-1

[Event "2008 WA Championship"]
[Site "Legacy House"]
[Date "2008.07.06"]
[Round "1"]
[White "Dempster, Dave"]
[Black "Laugery, Bernard"]
[Result "1-0"]
[WhiteElo "1919"]
[BlackElo "1198"]

1.e4 e6 2.d4 d5 3.Nd2 Nf6 4.e5 Nfd7 5.Bd3 c5 6.c3 c4 7.Bc2 Be7 8.Qg4 Bf8 
9.Ne2 f5 10.Qh3 Qe7 11.Nf3 Qf7 12.Ng5 Qg8 13.Nf4 Nb6 14.a4 a5 15.O-O Nc6 
16.Re1 Nd8 17.Bd2 Bd7 18.Bxf5 exf5 19.e6 Bc8 20.Qxf5 Be7 21.Nxd5 Nxd5 22.Qxd5 
Ra6 23.Qxc4 Bxe6 24.Nxe6 Rxe6 25.d5 Rxe1+ 26.Rxe1 Qf7 27.Bg5 O-O 28.Be3 Bg5 
29.Bc5 Re8 30.Rd1 Bd2 31.Qd4 Re1+ 32.Rxe1 Bxe1 33.Qe3 Bxf2+ 34.Qxf2 Qxf2+ 
35.Kxf2 Kf7 36.Bb6 Ke7 37.Bxd8+ Kxd8 38.Ke3 Ke7 39.Kd4 Kd6 40.b4 b6 41.bxa5 
bxa5 1-0

[Event "2008 WA Championship"]
[Site "Legacy House"]
[Date "2008.07.06"]
[Round "1"]
[White "Saroha, Chirag"]
[Black "Seah, Eddy"]
[Result "0-1"]
[WhiteElo "1164"]
[BlackElo "1896"]

1.e4 e5 2.Nf3 Nc6 3.Bc4 Nf6 4.Ng5 Bc5 5.d3 O-O 6.a3 d6 7.h3 h6 8.Nf3 Re8 
9.Nc3 Nd4 10.O-O a6 11.Nxd4 Bxd4 12.Be3 Bxc3 13.bxc3 c6 14.f4 exf4 15.Bxf4 
d5 16.exd5 cxd5 17.Bb3 Be6 18.Qf3 Rc8 19.Bxh6 gxh6 20.Qxf6 Qxf6 21.Rxf6 Kg7 
22.Rf2 Rxc3 23.Re1 Rec8 24.a4 R8c6 25.d4 Rb6 26.Re5 f6 27.Re1 Bf7 28.Re7 Kf8 
29.Rfe2 Rb4 30.Rd7 Rxd4 31.Rxb7 Rc8 32.Rb6 a5 33.Rxf6 Kg7 34.Ra6 Rc5 35.Ra7 
Rf4 36.Rb7 h5 37.Rf2 Rf6 38.Rxf6 Kxf6 39.Rb5 Rxb5 40.axb5 Ke5 41.Kf2 Kd6 
42.Ke3 Kc5 43.Ba4 d4+ 44.Ke4 Bd5+ 45.Kd3 h4 46.Bb3 Bxg2 47.Be6 Bf1+ 48.Kd2 
Kxb5 49.c3 Kc5 50.cxd4+ Kxd4 51.Ke1 Bc4 52.Bd7 Ke5 53.Kf2 Be6 54.Bc6 Bxh3 
55.Kg1 Kf4 56.Kh2 Bg4 57.Ba4 Ke3 58.Bb5 Kd4 59.Ba4 Kc3 60.Kg2 Kb4 61.Bc2 
a4 62.Bxa4 Kxa4 63.Kf2 Kb4 64.Kg2 h3+ 65.Kg3 Kc3 66.Kf2 Kd4 67.Kg3 Ke3 68.Kh2 
Kf2 69.Kh1 Kg3 70.Kg1 h2+ 71.Kh1 Bf3# 0-1

[Event "2008 WA Championship"]
[Site "Legacy House"]
[Date "2008.07.06"]
[Round "1"]
[White "Dunlop, Gordon"]
[Black "Vahala, Karel"]
[Result "1-0"]
[WhiteElo "1889"]
[BlackElo "1149"]

1.d4 Nf6 2.c4 g6 3.Nc3 Bg7 4.e4 d6 5.Be2 O-O 6.Nf3 Re8 7.O-O c5 8.h3 cxd4 
9.Nxd4 Nc6 10.Nxc6 bxc6 11.Be3 Bb7 12.c5 d5 13.exd5 Nxd5 14.Nxd5 Qxd5 15.Qc2 
a5 16.Rfd1 Qf5 17.Qd2 Ba6 18.Bf3 Bb7 19.Qd7 Qxd7 20.Rxd7 Rab8 21.Rad1 e5 22.Rxb7 
Rxb7 23.Bxc6 Rbb8 24.Bxe8 Rxe8 25.c6 Rc8 26.c7 Rxc7 27.Rd8+ Bf8 28.Bh6 1-0

[Event "2008 WA Championship"]
[Site "Legacy House"]
[Date "2008.07.06"]
[Round "1"]
[White "Williams, Veronica"]
[Black "Tomic, Nedeljko"]
[Result "0-1"]
[WhiteElo "1059"]
[BlackElo "1850"]

1.e4 e5 2.Nf3 d6 3.Nc3 c6 4.d3 Be7 5.h3 a5 6.a3 Nf6 7.Be3 Qc7 8.d4 b5 
9.d5 Ba6 10.Qd2 O-O 11.Nh4 b4 12.Nb1 Nxe4 13.Qd1 Bxh4 14.Qg4 Bxf2+ 15.Bxf2 
Nxf2 16.Kxf2 f5 17.Qd1 Qb6+ 18.Kg3 Qe3+ 19.Kh2 Qf4+ 20.Kg1 Bxf1 21.Qxf1 Qd4+ 0-1

[Event "2008 WA Championship"]
[Site "Legacy House"]
[Date "2008.07.06"]
[Round "1"]
[White "Viswanath, Ganesh"]
[Black "Williams, William"]
[Result "1-0"]
[WhiteElo "1812"]
[BlackElo "1020"]

1.Nf3 d5 2.d4 c6 3.g3 Nf6 4.Bg2 g6 5.O-O Bg7 6.c4 O-O 7.Qb3 Re8 8.Nc3 e6 
9.Rd1 Nbd7 10.Bf4 c5 11.Nb5 Nh5 12.Bc7 Qe7 13.Bd6 Qd8 14.Nc7 Nb6 15.dxc5 
Nxc4 16.Nxa8 Nxb2 17.Nc7 Nxd1 18.Rxd1 Re7 19.Bxe7 Qxe7 20.Nb5 a6 21.Nd6 1-0

[Event "2008 WA Championship"]
[Site "Legacy House"]
[Date "2008.07.06"]
[Round "1"]
[White "Carolin-Unkovich, George"]
[Black "Holland, Dennis"]
[Result "0-1"]
[WhiteElo "1792"]
[BlackElo "929"]

1.d4 d5 2.c4 e6 3.Nc3 Nf6 4.Nf3 c6 5.Bf4 Nbd7 6.e3 Be7 7.Qc2 Qa5 8.a3 dxc4 
9.Bxc4 b5 10.Ba2 Nd5 11.O-O Nxc3 12.Qxc3 Qxc3 13.bxc3 Bxa3 14.Bxe6 Bb2 15.Ra2 
Bxc3 16.Rc1 b4 17.Bc4 Nb6 18.Bd3 a5 19.Ne5 Be6 20.Raa1 Bxa1 21.Rxa1 O-O 22.Nxc6 
Bd5 23.Ne7+ Kh8 24.e4 Bc4 25.Bxc4 Nxc4 26.d5 b3 27.e5 b2 0-1

[Event "2008 WA Championship"]
[Site "Legacy House"]
[Date "2008.07.13"]
[Round "2"]
[White "Boyd, Tristan"]
[Black "Dempster, Dave"]
[Result "1-0"]
[WhiteElo "2276"]
[BlackElo "1919"]

1.e4 c5 2.Nf3 Nc6 3.d4 cxd4 4.Nxd4 Nf6 5.Nc3 d6 6.Bc4 Bd7 7.O-O Nxd4 8.Qxd4 g6 
9.e5 dxe5 10.Qxe5 Bg7 11.Bg5 O-O 12.Rad1 Qb6 13.Qxe7 Bf5 14.Rd6 Qc5 15.Bxf6 Qxc4 
16.Bxg7 Kxg7 17.Qf6+ Kg8 18.Nd5 Rfe8 19.Ne7+ Rxe7 20.Qxe7 Qxc2 21.Rd8+ Rxd8 
22.Qxd8+ Kg7 23.Qd4+ Kf8 24.Re1 Be6 25.Qb4+ Kg7 26.Qc3+ Qxc3 27.bxc3 Bxa2 28.Ra1 
Bc4 29.Rxa7 Ba6 30.Ra8 Kf6 31.Rd8 Ke7 32.Rd2 h5 33.f3 h4 34.Kf2 Ke6 35.Ke3 g5 
36.Kd4 Kd6 37.Rb2 f6 38.Rb6+ Ke7 39.c4 Kf7 40.c5 Ke7 41.c6 1-0

[Event "2008 WA Championship"]
[Site "Legacy House"]
[Date "2008.07.13"]
[Round "2"]
[White "Seah, Eddy"]
[Black "Kurniawan, Stephanus"]
[Result "0-1"]
[WhiteElo "1896"]
[BlackElo "2145"]

1.e4 e6 2.d3 c5 3.Nf3 Nc6 4.g3 g6 5.Bg2 Bg7 6.O-O Nge7 7.Re1 e5 8.Nc3 O-O 
9.h3 d6 10.g4 Nd4 11.Nh2 f5 12.exf5 gxf5 13.Bg5 Qe8 14.f4 h6 15.Bxe7 Qxe7 16.Nd5 
Qf7 17.c3 Nc6 18.Rf1 Be6 19.c4 Qd7 20.Rb1 Rae8 21.Kh1 Kh8 22.g5 Qf7 23.h4 Nd4 
24.b4 e4 25.dxe4 Bxd5 26.cxd5 fxe4 27.bxc5 dxc5 28.f5 Nxf5 29.Qg4 Qxd5 30.Rbe1 
Qe5 31.Rxf5 Qxf5 32.Qh5 Qf7 33.Qg4 Re5 34.Rf1 Rf5 35.Qxe4 Rxf1+ 36.Bxf1 Qf4 
37.Qg6 Qxh4 38.Bd3 Qe1+ 39.Kg2 Rf2+ 40.Kh3 Qe3+ 41.Kg4 Qf4+ 0-1

[Event "2008 WA Championship"]
[Site "Legacy House"]
[Date "2008.07.13"]
[Round "2"]
[White "Barber, Haydn"]
[Black "Dunlop, Gordon"]
[Result "1/2-1/2"]
[WhiteElo "2086"]
[BlackElo "1889"]

1.e4 c5 2.Nc3 Nc6 3.f4 g6 4.Nf3 Bg7 5.Bb5 Nd4 6.O-O Nxb5 7.Nxb5 Nf6 8.d3 d6 
9.Nc3 Bd7 10.Qe1 O-O 11.Qh4 e6 12.f5 Nh5 13.Bg5 Bf6 14.fxg6 fxg6 15.g4 Nf4 
16.Bxf6 Qxf6 17.g5 Qg7 18.Rae1 e5 19.Nd2 b5 20.Nd5 Nxd5 21.exd5 Rxf1+ 22.Rxf1 
Bf5 23.Ne4 Bxe4 24.dxe4 Rf8 25.Rxf8+ Qxf8 26.Qg4 Qe7 27.h4 Kg7 28.Kf2 Qf7+ 
29.Ke2 Qe8 30.Qf3 Qf7 31.Qxf7+ Kxf7 32.Kd3 Ke7 33.c4 b4 34.Kc2 Kd7 35.b3 1/2-1/2

[Event "2008 WA Championship"]
[Site "Legacy House"]
[Date "2008.07.13"]
[Round "2"]
[White "Hare, Tim"]
[Black "Viswanath, Ganesh"]
[Result "1-0"]
[WhiteElo "1968"]
[BlackElo "1812"]

1.Nf3 g6 2.g3 Bg7 3.Bg2 e5 4.d3 d5 5.c3 Ne7 6.Na3 O-O 7.O-O h6 8.Nc2 a5 
9.a4 Na6 10.b4 axb4 11.cxb4 e4 12.Nfd4 Nf5 13.Nxf5 Bxf5 14.d4 c6 15.b5 Nc7 
16.b6 Ne6 17.a5 e3 18.Bxe3 Bxc2 19.Qxc2 Nxd4 20.Bxd4 Bxd4 21.Ra4 Qf6 22.e3 
Bc3 23.Rc1 Bb2 24.Rb1 Bc3 25.a6 Rxa6 26.Rxa6 bxa6 27.b7 Rb8 28.Rc1 Bb2 29.Qxc6 
Rxb7 30.Qe8+ Kh7 31.Rc8 Qg7 32.Bxd5 Ra7 33.h4 Qh8 34.Bxf7 Qxe8 35.Bxe8 a5 
36.Rc4 Kg7 37.Ba4 Ba3 38.f4 Rb7 39.Kf2 Rb4 40.Rxb4 axb4 41.e4 Kf6 42.g4 Bc1 
43.Kf3 Bd2 44.e5+ Ke7 45.h5 gxh5 46.gxh5 Bc3 47.Ke4 Bd2 48.f5 Bg5 49.Bb3 Bh4 
50.Kf4 Bg5+ 51.Kg4 Kd7 52.f6 Be3 53.Kf5 Bc5 54.Ba4+ Kd8 55.Kg6 Bd4 56.e6 Bc5 
57.Kf7 1-0

[Event "2008 WA Championship"]
[Site "Legacy House"]
[Date "2008.07.10"]
[Round "2"]
[White "Holland, Dennis"]
[Black "Ellis, David"]
[Result "1/2-1/2"]
[WhiteElo "1792"]
[BlackElo "1939"]

1.d4 e6 2.c4 Bb4+ 3.Nd2 Nf6 4.a3 Bxd2+ 5.Bxd2 b6 6.Bg5 Bb7 7.e3 h6 8.Bh4 d6 
9.Nf3 Nbd7 10.b4 a5 11.Be2 g5 12.Bg3 Ne4 13.d5 Qf6 14.dxe6 fxe6 15.Nd4 O-O 
16.O-O axb4 17.Bg4 Rfe8 18.axb4 Rxa1 19.Qxa1 Nxg3 20.hxg3 Ne5 21.Qa7 Bxg2 
22.Bxe6+ Rxe6 23.Nxe6 Bh3 24.Qa8+ Kf7 25.Nd4 c5 26.Qd5+ Kg7 27.Qb7+ Qf7 
28.Qxf7+ Kxf7 29.bxc5 bxc5 30.Rc1 cxd4 31.exd4 Nf3+ 32.Kh1 Nxd4 33.f4 gxf4 
34.gxf4 Ne6 35.Rc2 Bg4 36.Kh2 h5 37.Ra2 Nc5 38.Kg3 Ke6 39.Ra8 Ne4+ 40.Kh4 
Nd2 41.c5 dxc5 42.Kg5 Ne4+ 43.Kg6 c4 44.f5+ Ke5 45.Re8+ Kd4 46.f6 Nxf6 
47.Kxf6 c3 48.Re7 c2 49.Rc7 Bd1 50.Kg5 Ke3 51.Rxc2 Bxc2 1/2-1/2

[Event "2008 WA Championship"]
[Site "Legacy House"]
[Date "2008.07.13"]
[Round "2"]
[White "Vlietstra, Marc"]
[Black "Booth, Guy"]
[Result "1-0"]
[WhiteElo "1922"]
[BlackElo "1544"]

1.e4 e5 2.Nf3 d6 3.Bc4 Be6 4.Bxe6 fxe6 5.d4 exd4 6.Qxd4 Nc6 7.Qc4 d5 8.Qb3 b6 
9.O-O Qd7 10.Be3 O-O-O 11.Rd1 Nf6 12.Nc3 Na5 13.Qb5 Qxb5 14.Nxb5 Nxe4 15.Nxa7+ 
Kb7 16.Nb5 Nc4 17.Bd4 c5 18.Be5 Nxe5 19.Nxe5 Rg8 20.f3 Nd6 21.a4 Be7 22.Re1 Rgf8 
23.Ng4 Nxb5 24.axb5 Rd6 25.c3 Bf6 26.Nxf6 gxf6 27.Ra4 Rfd8 28.Rea1 R6d7 29.Ra7+ 
Kc8 30.Ra8+ Kc7 31.R1a7+ Kd6 32.Rxd8 Rxd8 33.Rxh7 Ke5 34.Rb7 Rd6 35.Kf2 d4 
36.Ke2 d3+ 37.Kd2 Kf5 38.Rc7 Rd5 39.Rc6 c4 40.Rxc4 Rxb5 41.b4 Rd5 42.Rd4 Rxd4 
43.cxd4 b5 44.Kxd3 Kf4 45.Ke2 Kf5 46.Ke3 e5 1-0

[Event "2008 WA Championship"]
[Site "Legacy House"]
[Date "2008.07.13"]
[Round "2"]
[White "Jahangirian, Mohammad"]
[Black "Johnstone, Ray"]
[Result "1-0"]
[WhiteElo "1673"]
[BlackElo "1758"]

1.e4 e5 2.Nf3 Nc6 3.Bb5 a6 4.Ba4 Nf6 5.O-O Be7 6.Re1 b5 7.Bb3 O-O 8.c3 d5 
9.exd5 Nxd5 10.Nxe5 Nxe5 11.Rxe5 Nf6 12.Re1 Bd6 13.h3 Ng4 14.Qf3 Qh4 15.d4 
Bd7 16.Bd2 Nxf2 17.Qxf2 Bg3 18.Qf1 Bxe1 19.Bxe1 Qg5 20.Bd2 Qg6 21.Qf3 c6 
22.Na3 Bf5 23.Rf1 Bd3 24.Rf2 Rae8 25.Kh2 Be4 26.Qg3 Qh5 27.Qg5 Qxg5 28.Bxg5 
a5 29.Bc2 Bd5 30.b3 Re6 31.c4 bxc4 32.Nxc4 Bxc4 33.bxc4 Rfe8 34.d5 cxd5 
35.cxd5 Re2 36.Rxe2 Rxe2 37.Bb3 Kf8 38.Kg3 f6 39.Kf3 Rb2 40.Bc1 Rb1 41.Ba3+ 
Ke8 42.d6 Ra1 43.Bd5 Kd7 44.Ke2 Rb1 45.Bb3 Kd8 46.Ke3 Rg1 47.Bd5 Re1+ 48.Kd4 
Rd1+ 49.Kc4 Rd2 50.Kc5 Rd3 51.Bb2 Rd2 52.Bd4 Rc2+ 53.Kb5 Rd2 54.Bb6+ Kd7 
55.Kc5 Rc2+ 56.Bc4 a4 57.Ba5 Rc1 58.Bc7 Rc2 59.g4 Rc1 60.Kb4 1-0

[Event "2008 WA Championship"]
[Site "Legacy House"]
[Date "2008.07.13"]
[Round "2"]
[White "Laugery, Bernard"]
[Black "Sam, Ryan"]
[Result "0-1"]
[WhiteElo "1198"]
[BlackElo "1595"]

1.e4 e5 2.Nf3 Nc6 3.Bb5 a6 4.Ba4 b5 5.Bb3 Bc5 6.O-O Nf6 7.Nxe5 Nxe5 8.d4 Bxd4 
9.Qxd4 Nc6 10.Qd1 d6 11.h3 Be6 12.Re1 O-O 13.c3 Bxb3 14.axb3 Qd7 15.Bf4 Rfe8 
16.f3 Qe6 17.Nd2 Ne5 18.Nf1 Ned7 19.b4 Ne5 20.b3 c5 21.Nh2 c4 22.Bxe5 dxe5 
23.bxc4 Qxc4 24.Rc1 Red8 25.Qe2 Rd3 26.Red1 Rxc3 27.Qxc4 Rxc4 28.Rxc4 bxc4 
29.Rc1 Rc8 30.Rc3 Nd7 31.Nf1 Nb6 32.Ne3 Kf8 33.Kf2 Ke7 34.Nf5+ Kd7 35.Ne3 Kc7 
36.Ke2 Kb7 37.Kd2 g6 38.Ke2 Rd8 39.Nxc4 Nxc4 40.Rxc4 Kb6 41.g3 f6 42.h4 Rd7 
43.g4 Kb5 44.Rc5+ Kxb4 45.Rc6 a5 46.Rxf6 a4 47.Rb6+ Kc3 48.Rc6+ Kb3 49.Rb6+ 
Ka2 50.Re6 a3 51.Rxe5 Rb7 52.Rd5 Rb2+ 53.Ke3 Kb3 54.Rd3+ Ka4 55.Rd8 Rb5 56.Rd1 
a2 57.Ra1 Ka3 58.Kf4 Kb2 59.Rxa2+ Kxa2 60.e5 Kb3 61.Ke4 Kc4 62.f4 Rb4 63.e6 Kc5+ 
64.Ke5 Kc6 65.g5 Rb7 66.Kf6 Kd6 67.f5 Re7 68.fxg6 Rxe6+ 69.Kg7 hxg6 70.Kh6 Ke7 
71.Kg7 Ke8 72.Kh6 Kf7 73.h5 gxh5+ 74.Kxh5 Kg7 75.Kg4 Kg6 76.Kf4 Rb6 77.Kg4 Rb4+ 
78.Kf3 Kxg5 79.Ke3 Kf5 80.Kd3 Ke5 81.Ke3 Rb3+ 82.Kd2 Kd4 83.Ke2 Rd3 84.Kf2 Re3 
85.Kg2 Ke4 86.Kf2 Kf4 87.Kg2 Rf3 88.Kh2 Rg3 89.Kh1 Kf3 0-1

[Event "2008 WA Championship"]
[Site "Legacy House"]
[Date "2008.07.13"]
[Round "2"]
[White "Cuellar, Chris"]
[Black "Williams, Veronica"]
[Result "1-0"]
[WhiteElo "1556"]
[BlackElo "1059"]

1.e4 e6 2.d4 d5 3.Nc3 Bb4 4.e5 Ne7 5.a3 Ba5 6.Qg4 Nf5 7.Bg5 Qd7 8.Bd3 h5 
9.Qf4 Nc6 10.Bxf5 exf5 11.Nf3 Qe6 12.O-O Ne7 13.Bxe7 Qxe7 14.Nxd5 Qe6 15.c4 
c6 16.Ne3 Qh6 17.Qxh6 Rxh6 18.d5 cxd5 19.cxd5 Bd8 20.Nc4 Be7 21.Nd4 Bc5 
22.Nb5 Kd7 23.b4 Be7 24.Rad1 b6 25.Nbd6 Bxd6 26.Nxd6 Ba6 27.b5 Bc8 28.Nxf7 
Rg6 29.Nd6 Rb8 30.Nxf5 Bb7 31.Nd6 Ba8 32.Rfe1 Rf8 33.g3 h4 34.Kg2 hxg3 
35.hxg3 Rh6 36.Rh1 Rxh1 37.Kxh1 g5 38.Kg2 g4 39.Ne4 Rf5 40.e6+ Ke7 41.Nc3 
Kd6 42.Rd4 Re5 43.Rxg4 Rxe6 44.Rg7 Re7 45.Rxe7 Kxe7 46.Kf3 1-0

[Event "2008 WA Championship"]
[Site "Legacy House"]
[Date "2008.07.13"]
[Round "2"]
[White "Vahala, Karel"]
[Black "Pavlovic, Mick"]
[Result "0-1"]
[WhiteElo "1149"]
[BlackElo "1518"]

1.d4 Nf6 2.Nf3 g6 3.e3 Bg7 4.Bd3 d6 5.O-O O-O 6.h3 Nc6 7.a3 e5 8.Nbd2 Qe7 
9.dxe5 Nxe5 10.Nxe5 Qxe5 11.Nc4 Qe7 12.b3 Nh5 13.Rb1 Qg5 14.e4 Qe7 15.Re1 Be6 
16.Ne3 Qd7 17.Qf3 c6 18.c4 Nf6 19.Bb2 Ne8 20.Bxg7 Nxg7 21.Rbd1 f5 22.e5 f4 
23.Ng4 Bxg4 24.Qxg4 Qxg4 25.hxg4 dxe5 26.Rxe5 Rfe8 27.Rde1 Rxe5 28.Rxe5 Re8 
29.Rxe8+ Nxe8 30.c5 Kf7 31.g5 Ke6 32.f3 Nc7 33.a4 a5 34.Kf2 Ke5 35.g3 Nd5 
36.g4 Kd4 37.Ke2 Kxc5 38.Kd2 Kd4 39.Kc2 Nb4+ 0-1

[Event "2008 WA Championship"]
[Site "Legacy House"]
[Date "2008.07.13"]
[Round "2"]
[White "Boni, Christopher"]
[Black "Carolin-Unkovich, George"]
[Result "1-0"]
[WhiteElo "1391"]
[BlackElo "929"]

1.d4 Nf6 2.c4 d6 3.Nc3 g6 4.e4 Bg7 5.f3 O-O 6.Be3 Nbd7 7.Bd3 e5 8.Nge2 c5 
9.d5 Ne8 10.g4 Qh4+ 11.Bf2 Qd8 12.h4 Nef6 13.h5 Nb6 14.Qd2 Bxg4 15.fxg4 
Nxg4 16.Bh4 Bh6 17.Qxh6 Qxh4+ 18.Rxh4 Nxh6 19.hxg6 Kg7 20.gxh7 Kxh7 21.O-O-O 1-0

[Event "2008 WA Championship"]
[Site "Legacy House"]
[Date "2008.07.13"]
[Round "2"]
[White "Williams, William"]
[Black "Yeung, Evan"]
[Result "1/2-1/2"]
[WhiteElo "1020"]
[BlackElo "1222"]

1.d4 d5 2.c4 e6 3.Nc3 Nf6 4.Nf3 c5 5.e3 Be7 6.Bd3 O-O 7.Qc2 h6 8.Bd2 Nc6 
9.a3 a6 10.O-O dxc4 11.Bxc4 b5 12.Bd3 Bb7 13.dxc5 Bxc5 14.Ne4 Be7 15.Bc3 
Nd5 16.Rfd1 Qb6 17.Rac1 Nxc3 18.Nxc3 Rac8 19.Qb3 Na5 20.Qc2 Bxf3 21.gxf3 
Rc5 22.Qe2 Rg5+ 23.Kh1 f5 24.f4 Rg6 25.Qh5 Rg4 26.Rg1 Qb7+ 27.e4 Rh4 28.Qg6 
1/2-1/2

[Event "2008 WA Championship"]
[Site "Legacy House"]
[Date "2008.07.20"]
[Round "3"]
[White "Choong, Yita"]
[Black "Boyd, Tristan"]
[Result "1/2-1/2"]
[WhiteElo "1969"]
[BlackElo "2276"]

1.e4 c5 2.Nc3 Nc6 3.Nge2 d6 4.d4 cxd4 5.Nxd4 e5 6.Ndb5 a6 7.Na3 b5 8.Nd5 Nf6 
9.Bg5 Be7 10.Bxf6 Bxf6 11.c3 Bg5 12.Nc2 O-O 13.a4 bxa4 14.Rxa4 a5 15.Bc4 Kh8 
16.h4 Bh6 17.Nce3 Bxe3 18.Nxe3 Ne7 19.O-O Bb7 20.Qc2 Qb6 21.Rd1 Bc6 22.Raa1 
Rad8 23.b3 g6 24.Bd5 Nxd5 25.Nxd5 Qc5 26.Qd2 Bxd5 1/2-1/2

[Event "2008 WA Championship"]
[Site "Legacy House"]
[Date "2008.07.20"]
[Round "3"]
[White "Kurniawan, Stephanus"]
[Black "Hare, Tim"]
[Result "0-1"]
[WhiteElo "2145"]
[BlackElo "1968"]

1.e4 c5 2.Nc3 Nc6 3.g3 g6 4.Bg2 Bg7 5.d3 d6 6.Be3 e5 7.Qd2 Rb8 8.Nge2 Nge7 
9.Bh6 O-O 10.Bxg7 Kxg7 11.h4 h6 12.h5 g5 13.f4 f6 14.Ng1 Nd4 15.Nd1 b5 16.c3 
Ne6 17.Nh3 d5 18.fxg5 fxg5 19.exd5 Nxd5 20.Qe2 Qd6 21.Ndf2 Nf6 22.O-O Nc7 
23.Ne4 Nxe4 24.Rxf8 Nxg3 25.Qf2 Qxf8 26.Qxg3 Qd6 27.Re1 Bxh3 28.Bxh3 Re8 
29.Bf5 Nd5 30.d4 Nf4 31.Qe3 cxd4 32.cxd4 Kf6 33.Bd3 Re7 34.dxe5+ Qxe5 35.Be4 
Nxh5 36.Qf3+ Nf4 37.Qd1 h5 38.Qd8 Kg7 39.Kh1 h4 40.Qc8 Nd3 41.Re2 Nf2+ 42.Rxf2 
Qxe4+ 43.Kg1 Qe1+ 44.Rf1 Qe3+ 45.Kh1 Qe4+ 46.Kg1 Qd4+ 47.Kh1 Qd5+ 48.Kg1 Rf7 
49.Qc3+ Kg6 50.Qc2+ Kh6 51.Rxf7 Qxf7 52.Qc6+ Qg6 53.Qxb5 Qb1+ 54.Kh2 Qxa2 
55.Qc6+ Kg7 56.Qc3+ Kf7 57.Qc7+ Kf6 58.Qc3+ Ke6 59.Qc6+ Ke5 60.Qc3+ Kd6 
61.Qd2+ Qd5 62.Qb4+ Ke6 63.Qg4+ Kf6 64.Qb4 Qe5+ 65.Kh1 h3 66.Qf8+ Kg6 
67.Qg8+ Kh5 68.Qh7+ Kg4 69.Qd7+ Qf5 70.Qd4+ Qf4 71.Qg1+ Kh4 72.Qe1+ Kg4 
73.Qg1+ Kh5 74.Qd1+ Qg4 0-1

[Event "2008 WA Championship"]
[Site "Legacy House"]
[Date "2008.07.20"]
[Round "3"]
[White "Ellis, David"]
[Black "Vlietstra, Marc"]
[Result "0-1"]
[WhiteElo "1939"]
[BlackElo "1922"]

1.e4 c5 2.b3 Nc6 3.Bb2 e5 4.Bc4 d6 5.Nc3 Qg5 6.Qf3 Nf6 7.Nd5 Bg4 8.Nxf6+ gxf6 
9.Qe3 Nb4 10.Bb5+ Ke7 11.Bd3 Bh6 12.Qxg5 Nxd3+ 13.cxd3 Bxg5 14.f3 Be6 15.Ne2 b5 
16.Nc3 Rhb8 17.Nd1 a5 18.h4 Bh6 19.Ne3 a4 20.bxa4 Rxa4 21.a3 Kd7 22.Ke2 Kc6 
23.Rac1 Rg8 24.g4 d5 25.g5 fxg5 26.hxg5 Bxg5 27.Rxh7 d4 28.Ng4 Bxg4 29.fxg4 
Ra7 30.Rh2 Bf4 31.Rg2 Rg7 32.Kf3 Kd6 33.Rh1 Ra8 34.Rh5 f6 35.Rh1 Raa7 36.Rh8 
Rh7 37.Rd8+ Kc6 38.Rc8+ Rac7 39.Rf8 Bg5 40.Kf2 Rh3 41.Rg1 Rxd3 42.Bc1 Rh7 
43.Rc8+ Kd6 44.Rb8 Rh2+ 45.Rg2 Rxg2+ 46.Kxg2 Bxd2 47.Bxd2 Rxd2+ 48.Kh3 Rd3+ 
49.Kh4 Rxa3 50.Kh5 b4 51.Rb6+ Kc7 52.Rxf6 Rh3+ 53.Kg6 b3 54.Rf2 c4 55.Kf5 c3 
56.Kxe5 c2 57.Rf7+ Kb6 58.Rf6+ Kb5 59.Rf1 b2 60.Kxd4 c1=Q 61.Rf5+ Kb4 0-1